| 000 | 00780nam a2200253Ia 4500 | ||
|---|---|---|---|
| 003 | OSt | ||
| 005 | 20240920112441.0 | ||
| 008 | 210716s2009 xx 000 0 und d | ||
| 040 | _cAIMIT LIBRARY | ||
| 041 | _aeng | ||
| 082 |
_a005.73 _bGUNH |
||
| 100 |
_aGundurao, H K. _9177729 |
||
| 245 |
_aData structures using c : _bText book of computer science / _cBy Gundurao, H K ...[et al.] |
||
| 250 | _a1st ed. | ||
| 260 |
_aMangalore : _bUnited Publishers , _c2009. |
||
| 300 |
_a276 p.; _bPB _c25 cm. |
||
| 650 |
_aDynamic memory allocation and pointers _9177730 |
||
| 650 |
_aSearching and sorting _9179700 |
||
| 650 |
_aStacks _9179701 |
||
| 650 |
_aTrees _9179702 |
||
| 700 |
_aManjunath, N S. _9177731 |
||
| 700 |
_aNachappa, M N. _9177732 |
||
| 942 |
_2ddc _cBK _k005.73 GUNH |
||
| 999 |
_c181821 _d181821 |
||